Middle Eastern Foods Picture Quiz - Statistics

General Stats
  • This quiz has been taken 111 times
  • The average score is 5 of 16
Answer Stats
Picture Answer % Correct
Hummus
92%
Falafel
89%
Kofta
82%
Baklava
75%
Shawarma
52%
Tabouleh
22%
Fattoush
18%
Dolma
17%
Mansaf
14%
Manakeesh
13%
Halloumi
12%
Moutabal
8%
Umm Ali
6%
Meddamas
3%
Mulukhiyah
3%
Shanklish
3%
No matching quizzes found
Score Distribution
Percent of People with Each Score
Percentile by Number Answered
Your Score History
You have not taken this quiz